MDQL
is popping MORE tags! Check the
thread
!
Quizzes
Events
Quiz Creation
Community
Videos
Private Events
Remove Ads
Sign In
Join for FREE
Feedback
Dark Mode
Quiz Categories
Sports
Geography
Music
Movies
Television
Just For Fun
Miscellaneous
History
Literature
Language
Science
Gaming
Entertainment
Religion
Holiday
For Kids
Quiz Lab
Recent
Popular Today
Quiz Kudos Today
Editor Picks
Curator Picks
Quizzes by...
Day
Popularity
Type
Ratings
Length
Year
Community
Subscriptions
Recent Discussions
Orange Saloon
Badges
Playlists
Quests
Create
Leaderboards
Showdown
Live 5
Trivia Bingo
Activity
Puzzle Library
Sporcle Events
Private Events
Virtual Trivia
Globe League
Become a Host
Pub Owners
SporcleCon
Opinionation
Our Games
Videos
Blog
Mobile Apps
Partnerships
Remove Ads and Go Orange
Feedback
Music
Pop Music
The Beatles
Song
Album
Lyrics
Bands
Singers
Artist
Clip
Rock
Rap
Classical
Billboard
Country Music
Kpop
Taylor Swift
Music
Pop Music
The Beatles
Song
Album
Lyrics
Bands
Singers
Artist
Clip
Rock
Rap
Classical
Billboard
Country Music
Kpop
Taylor Swift
Random Quiz
Search Sporcle
×
Quiz Lab
Quiz Lab
Music
Lyrics
Type in answers that appear in a list
Type in answers that appear in a list
Classic
Best Score? Go Orange.
Guess the Disney Song Lyrics.1 Stats
Can you Guess the Disney Song Lyrics?
By
_Harley_Quinn_
8m
241 Questions
1,777 Plays
1,777 Plays
1,777 Plays
Comments
Comments
Give Quiz Kudos
Give Quiz Kudos
-
- Ratings
hide this ad
More Info
Replay
Link that replays current quiz
Next Quiz
Link to next quiz in quiz playlist
You Got
0%
They Got
Avg Score
57%
Avg Friend Score
Upgrade to see
Score Distribution
Jump to the score distribution portion of the page
Score
0/241
Timer
08:00
0
Plays Today
% Correct
I
96.3%
I
96.3%
I
96.3%
I
96.3%
I
96.3%
I
96.3%
I
96.3%
I
96.3%
I
96.3%
a
94.1%
a
94.1%
a
94.1%
the
91.7%
the
91.7%
the
91.7%
the
91.7%
you
88.7%
you
88.7%
you
88.7%
you
88.7%
you
88.7%
You
88.7%
you
88.7%
you
88.7%
You
88.7%
you
88.7%
you
88.7%
you
88.7%
you
88.7%
be
79.9%
to
77.3%
to
77.3%
to
77.3%
love
77%
love
77%
love
77%
love
77%
love
77%
love
77%
and
76.6%
and
76.6%
and
76.6%
in
75.1%
in
75.1%
in
75.1%
in
75.1%
in
75.1%
in
75.1%
in
75.1%
it
75%
it
75%
it
75%
it
75%
It
75%
it
75%
it
75%
it
75%
it
75%
it
75%
do
73.4%
can
72.9%
we
72.8%
We
72.8%
we
72.8%
is
72.4%
is
72.4%
No
71.5%
No
71.5%
no
71.5%
no
71.5%
no
71.5%
No
71.5%
no
71.5%
no
71.5%
no
71.5%
there
68.5%
your
68.1%
Who
67.9%
who
67.9%
Who
67.9%
that
66.6%
% Correct
that
66.6%
that
66.6%
for
65.7%
I'm
64.9%
I'm
64.9%
I'm
64.9%
If
63%
when
62.8%
When
62.8%
see
62.5%
on
61.9%
so
61.5%
won
61.1%
are
61.1%
my
60.7%
My
60.7%
my
60.7%
you're
60.4%
you're
60.4%
you're
60.4%
you're
60.4%
you're
60.4%
You're
60.4%
you're
60.4%
You're
60.4%
you're
60.4%
say
60.1%
say
60.1%
say
60.1%
say
60.1%
say
60.1%
say
60.1%
say
60.1%
of
59.3%
think
59.1%
know
58.1%
won't
57.7%
won't
57.7%
won't
57.7%
won't
57.7%
won't
57.7%
won't
57.7%
won't
57.7%
won't
57.7%
man
55.7%
how
55.5%
how
55.5%
It's
55.4%
its
55.4%
It's
55.4%
why
55.2%
way
54.9%
way
54.9%
way
54.9%
I've
54.7%
been
54.4%
there's
52.2%
too
51.4%
heart
51.2%
heart
51.2%
out
51.1%
out
51.1%
out
51.1%
feel
50.9%
Uh oh
50.4%
Girl
50%
girl
50%
Girl
50%
done
49.7%
get
49.6%
Get
49.6%
rotten
49.6%
already
49.5%
prize
49.2%
At
49.1%
guess
49%
He's
48.9%
OoooooOOOooooh
48.7%
OoooooOOooohhh
48.7%
judgement
48.1%
kiddin'
47.6%
% Correct
worth
47.5%
chance
47%
chance
47%
can't
46.9%
heaven
46.6%
Try
46.6%
earth
46.4%
history
45.3%
That's
45%
ancient
44.2%
deny
43.5%
aggravation
43.5%
up
43.4%
up
43.4%
up
43.4%
don't
43.1%
not
42%
This
41.7%
keep
41.6%
keep
41.6%
right
41.5%
had
41.1%
through
40.6%
Hon
40.3%
got
40%
got
40%
got
40%
we're
39.9%
cry
39.6%
good
39.5%
cliche
39.3%
swoon
38.9%
hidden
38.7%
sigh
38.7%
Honey
38.6%
like
38.6%
off
37.8%
off
37.8%
head
36.9%
grip
36.7%
start
36.2%
least
35.5%
Unless
35.4%
thought
35.2%
dying
34.9%
loud
34.9%
thinking
34.8%
lesson
34.7%
learned
34.6%
screaming
34%
feels
33.9%
Give
32.9%
give
32.9%
bad
32.1%
case
30.6%
our
29.4%
feeling
29%
okay
27.4%
Baby
27.2%
play
27.2%
check
26.7%
base
26.5%
saw
25%
denying
24.4%
scene
23.9%
buying
23.5%
gonna
23.2%
Face
22.5%
own
22.4%
grin
22%
proud
21.7%
conceal
21.5%
grown
20.9%
hit
20.7%
ceiling
19.7%
read
17.5%
doin'
15.7%
lips
15.7%
flips
11.3%
Quiz Playlist
Details
Report
Send in Message
Add To Playlist
More Info:
Guess the lyrics to this Disney tune with no hints whatsoever.
Classic:
Type in answers that appear in a list
Quiz Source
Last Updated: Feb 16, 2017
Quiz Scoreboard
CHALLENGE
Sign Up to Join the Scoreboard
Show All
Scores
Hide
Comments
May contain spoilers
Recently Published
Colored Red Africa Blitz
by spor1
Geography
30s
Find the 'City' Movie
by crazypaving
Movies
60s
5x2 Blitz: Bands
by SL_Kpop136
Music
30s
More to Explore
Quiz From the Vault
Featured Blog Post
14 Easter Pick-up Lines to Find Eggs With
hide this ad
You Might Also Like...
Tags
Disney Quiz
Lyrics Quiz
Disney Films
Disney Lyrics
Disney Songs
Figure Out the Lyrics
Missing Lyrics
Walt Disney
Today's Top Quizzes in Music
Browse Music
hide this ad
Today's Top Quizzes in Lyrics
Browse Lyrics
Top Contributed Quizzes in Music
1
5X2 Blitz: Bands II
2
5X2 Blitz: The Beatles
3
Taylor Swift All Songs (2024)
4
5X2 Blitz: Billboard
5
Taylor Swift Logic Puzzle II
6
5X2 Blitz: Billboard II
7
Taylor Swift Logic Puzzle
8
5X2 Blitz: Rock
9
5X2 Blitz: Singers
10
5X2 Blitz: Album
Explore More
Trending Topics
Marvel
Anime
Disney
NBA
Crossword
Harry Potter
Kpop
WWE
The Office
Pokémon
Song
Soccer
Puzzle
Country
NFL
hide this ad
More By:
_Harley_Quinn_
Quiz
Plays
Rating
Category
Featured
Created
Guess the Disney Song Lyrics.2
928
5.00
Music
Sep 18, 2014
Guess the Disney Song Lyrics.1
1,777
5.00
Music
Sep 17, 2014
Guess the Disney Song Lyrics.5
1,243
4.00
Music
Sep 22, 2014
Guess the Disney Song Lyrics.10
1,240
5.00
Music
Oct 10, 2014
Guess the Disney Song Lyrics.2
928
5.00
Music
Sep 18, 2014
Guess the Disney Song Lyrics.6
852
4.00
Music
Sep 22, 2014
Go to Creator's Profile
Score Distribution
Quiz Creator Spotlight
_Harley_Quinn_
Follow
Send a Message
Quizzes Created
-
Created Quiz Play Count
-
More By This Creator
Popular Quizzes Today
1
Colored Red Africa Blitz
2
Find the 'City' Movie
3
5x2 Blitz: Bands
4
Find the US States - No Outlines Minefield
5
The Countries of the World
6
Find the US States
7
US States
8
Find the Countries of Europe - No Outlines Minefield
More Music Quizzes
Duet Slot Machine
Curator's Pick
Trending Quizzes
Colored Red Europe Blitz I
Colored Red Europe Blitz II
Colored Red Africa Blitz II
Colored Red Europe Blitz III
Colored Red Africa Blitz III
Recently Updated
How Do You Spell That?
pecheneg
Godzilla Movies
pecheneg
Grab Bag: 4-10 Letters
pecheneg
2024 March Madness Bracket
pecheneg
Famous TV Couples
Peacemaker
Champions League XIs: Real Madrid
pecheneg
Largest US Cities 1790-2010
pecheneg
Rides in Walt Disney World
pecheneg
Most Oscar Losses (Acting)
pecheneg
Beyoncé Albums
pecheneg
Trending Topics
Marvel
Disney
Crossword
Kpop
Harry Potter
NBA
Anime
Country
Song
NFL
Puzzle
WWE
The Office
Soccer
Pokémon
Your Account Isn't Verified!
In order to create a playlist on Sporcle, you need to verify the email address you used during registration. Go to your
Sporcle Settings
to finish the process.
Report this User
Report this user for behavior that violates our
Community Guidelines
.
Details:
Send Report
Go to the Sporcle.com Mobile Site →
Comments